000
00295cam a2200121ua 4500
020
_a
8122400078
082
_a
633.186
_b
PIL/RI
100
_a
Pillaiyar, P .
_9
1618
245
_a
Rice Postproduction Manual /
260
_a
New Delhi :
_b
Wiley Eastern Ltd ,
_c
1951.
300
_a
; .
942
_c
REF
999
_c
3170
_d
3170